| 000 | 01096nam a22002417i 4500 | ||
|---|---|---|---|
| 999 |
_c23155 _d23155 |
||
| 003 | AR-CdUCM | ||
| 008 | 241213b20112011 pe||||| |||| 00| 0 spa d | ||
| 040 |
_aMUNICIPALIDAD PROVINCIAL DEL CUSCO _cBIBLIOTECA MUNICIPAL DEL CUSCO |
||
| 041 | _hspa | ||
| 082 |
_a736.4 / G43 _bG43 |
||
| 100 |
_aGibaja Gonzales, Manuel _947697 |
||
| 245 |
_aEl Púlpito de San Blas : _bHistoria, estética e iconografía / |
||
| 260 |
_aCusco : _bArzobispado de Cusco. _c2011 |
||
| 300 |
_a84 páginas. : _c21 cm. |
||
| 500 | _zBibliografía: páginas 83-84 | ||
| 505 | _aSan Blas -- Breve historia -- Posibles autores -- Algunas anécdotas -- EL pulpito de San Blas -- Descripción estilística -- La base -- Los heresiarcas -- Antepechos, tórax o taza -- Los detalles -- Los evangelistas -- El respaldar -- El corredor o pasadizo -- El dosel o tornavoz -- Los doctores de la iglesia -- San Pablo de Tarso | ||
| 650 |
_aPúlpito _950877 |
||
| 650 |
_aReligión _91195 |
||
| 650 |
_aDecoración _915648 |
||
| 650 |
_aPartes el púlpito _950878 |
||
| 942 |
_2ddc _cLIBROS |
||
| 945 |
_apbj _d13-12-2024 |
||